| 000 | 01647nam a2200421Ii 4500 | ||
|---|---|---|---|
| 001 | DIGANT0352 | ||
| 003 | NyNyDIG | ||
| 008 | 190110s2014 sp a ob 000 0 spa d | ||
| 006 | m o d | ||
| 007 | cr ||||||||||| | ||
| 035 | _a(OCoLC)969856271 | ||
| 040 |
_aDGITA _beng _erda _epn _cDGITA |
||
| 020 | _z9788415260844 | ||
| 020 | _z8415260849 | ||
| 050 | 1 | 4 | _aP107 eBook |
| 082 | 0 | 4 | _a401 |
| 100 | 1 |
_aDomínguez Rey, Antonio, _d1945- _eauthor. |
|
| 245 | 1 | 3 |
_aEl gramma poético : _bgermen precientífico del lenguaje / _cAntonio Domínguez Rey. |
| 264 | 1 |
_aBarcelona : _bAnthropos Editorial, _c[2014] |
|
| 300 |
_a1 online resource : _billustrations. |
||
| 336 |
_atext _btxt _2rdacontent |
||
| 337 |
_acomputer _bc _2rdamedia |
||
| 338 |
_aonline resource _bcr _2rdacarrier |
||
| 490 | 1 |
_aAutores, textos y temas. Lingüística ; _v9 |
|
| 504 | _aIncludes bibliographical references. | ||
| 588 | 0 | _aOnline resource; title from PDF title page (Digitalia, viewed July 5, 2014) | |
| 650 | 0 |
_aLanguage and languages _xPhilosophy. |
|
| 650 | 0 |
_aGrammar, Comparative and general _xSyntax. |
|
| 650 | 0 | _aPoetics. | |
| 655 | 0 | _aElectronic books. | |
| 791 | 2 |
_aDigitalia (Firm), _edistributor. |
|
| 793 | 0 |
_gDigitalia eBook Collection: _aAnthropos. |
|
| 776 | 0 | 8 |
_iPrint version: _aDomínguez Rey, Antonio, 1945- _tGramma poético. _bPrimera edición. _dBarcelona : Anthropos, 2014 _z9788415260844 _w(DLC) 2014437892 _w(OCoLC)898066490 |
| 830 | 0 |
_aAutores, textos y temas. _pLingüística ; _v9. |
|
| 856 | 4 | 0 |
_3Digitalia Hispánica _uhttps://www.digitaliapublishing.com/a/29477/ |
| 910 | _aPremium Collection: 2014 | ||
| 942 | _cRAA | ||
| 999 |
_c239770 _d239770 |
||